000
00191 a2200097 4500
020
_a
9789707907966
041
_a
spa
100
_a
Ivar Da Coll
245
_a
Pies Para la Princesa
942
_c
BK
999
_c
13893
_d
13893